Constituciòn de la Naciòn Argentina- Constituciòn de la Provincia de Buenos Aires (Record no. 4201)
[ view plain ]
| 000 -CABECERA | |
|---|---|
| campo de control de longitud fija | 00512nam a22001457a 4500 |
| 080 ## - NUMERO DE CLASIFICACION DECIMAL UNIVERSAL (CDU) | |
| Número de la Clasificación Decimal Universal | 342.4 (82) C 626 |
| 245 ## - MENCION DE TITULO | |
| Título propiamente dicho | Constituciòn de la Naciòn Argentina- Constituciòn de la Provincia de Buenos Aires |
| Parte restante del título | Santa Fe- Paranà 1994 |
| 260 ## - PUBLICACION, DISTRIBUCION, ETC. (PIE DE IMPRENTA) | |
| Lugar de publicación, distribución, etc. | La Plata |
| Nombre del editor, distribuidor, etc. | Colegio de Abogados del Departamento Judicial de La Plata. |
| Fecha de publicación, distribución, etc. | 1994 |
| 300 ## - DESCRIPCION FISICA | |
| Extensión | 63 P. |
| 650 ## - ASIENTO SECUNDARIO DE MATERIA - TERMINO TEMATICO | |
| Subdivisión general | Constituciòn |
| 650 ## - ASIENTO SECUNDARIO DE MATERIA - TERMINO TEMATICO | |
| Subdivisión general | Constituciòn de la Naciòn |
| 650 ## - ASIENTO SECUNDARIO DE MATERIA - TERMINO TEMATICO | |
| Subdivisión general | Constituciòn de la Provincia de Buenos Aires |
| 945 ## - INFORMACION DE PROCESAMIENTO LOCAL | |
| Responsable de carga/modificación | Celeste Delía |
| AAAA-MM-DD - Fecha de ingreso/modificación | 2015-10-28 |
| 942 ## - ELEMENTOS AGREGADOS (KOHA) | |
| Clasificación normalizada de Koha para alfabetizar | _ |
| Retirado | Perdido | Fuente de clasificación | Dañado | No se presta | Ubicación permanente | Locación actual | Estante o sala | Fecha de adquisición | Total préstamos | Total renovaciones | Signatura topográfica | Inventario | Ultima fecha vista | Ultima fecha prestado | Fecha del precio | Tipo de item de Koha |
|---|---|---|---|---|---|---|---|---|---|---|---|---|---|---|---|---|
| Bib. Derecho | Bib. Derecho | Sector Prestamo | 28/10/2015 | 4 | 3 | 342.4 (82) C 626 | 47932 | 02/08/2017 | 06/07/2017 | 28/10/2015 | LIBRO |
